crafting a compiler with C (Record no. 26535)
[ view plain ]
| 000 -LEADER | |
|---|---|
| fixed length control field | 00350nam a2200169Ia 4500 |
| 082 ## - DEWEY DECIMAL CLASSIFICATION NUMBER | |
| Classification number | 5.43 |
| Item number | FIS |
| 100 ## - MAIN ENTRY--PERSONAL NAME | |
| Personal name | Fischer/Charles N |
| 245 ## - TITLE STATEMENT | |
| Title | crafting a compiler with C |
| 260 ## - PUBLICATION, DISTRIBUTION, ETC. | |
| Name of publisher, distributor, etc. | Pearson Education |
| Date of publication, distribution, etc. | 1991 |
| 366 ## - TRADE AVAILABILITY INFORMATION | |
| Publishers's discount category | 20 |
| 300 ## - PHYSICAL DESCRIPTION | |
| Extent | 812 |
| 546 ## - LANGUAGE NOTE | |
| Language note | ENGLISH |
| 650 ## - SUBJECT ADDED ENTRY--TOPICAL TERM | |
| Topical term or geographic name entry element | Compilers |
| 654 ## - SUBJECT ADDED ENTRY--FACETED TOPICAL TERMS | |
| Focus term | compiler |
| 942 ## - ADDED ENTRY ELEMENTS (KOHA) | |
| Koha item type | BOOK |
| Withdrawn status | Lost status | Damaged status | Not for loan | Collection | Home library | Current library | Date acquired | Source of acquisition | Cost, normal purchase price | Inventory number | Total Checkouts | Full call number | Barcode | Date last seen | Date last checked out | Cost, replacement price | Price effective from | Koha item type |
|---|---|---|---|---|---|---|---|---|---|---|---|---|---|---|---|---|---|---|
| CRC | Fr. Agnel's C.Rodrigues College of Engineering | Fr. Agnel's C.Rodrigues College of Engineering | 17/03/2023 | Readers World | 839.20 | 765 dt 01.01.2019 | 1 | 5.43 FIS | 25427 | 04/06/2024 | 15/01/2024 | 1049.00 | BOOK |